| 000 | 00491nam a2200193 a 4500 | ||
|---|---|---|---|
| 001 | 1768117516105 | ||
| 003 | YourLibrary | ||
| 005 | 20260112125815.0 | ||
| 008 | 260111s2009##################000#0#eng## | ||
| 020 | _a9780520258990 | ||
| 082 | 0 | 4 |
_a302.23 _bDYS |
| 100 | 1 |
_aDyson, Frances, _eauthor. |
|
| 245 | 1 | 0 | _aSounding New Media : |
| 260 |
_bUniv of California Press, _c2009. |
||
| 300 | _a259 pages | ||
| 650 | 0 | _aArt. | |
| 942 | _cENGLISH | ||
| 040 |
_aYourLibrary _beng _cYourLibrary |
||
| 999 |
_c608301 _d608301 |
||